000 00440nam a22001697a 4500
003 NUST - PNEC
005 20170116180830.0
008 150730b xxu||||| |||| 00| 0 eng d
020 _a0070015635
040 _cLIBRARY
082 _a519.2 AUN
100 _94597
_aAuñón, Jorge
245 _aIntroduction to probability and random processes
_cJorge Auñón,
260 _cc 1997
650 _94598
_aProbabilities
_x-
942 _2ddc
_cBK
999 _c64008
_d64008